| 000 | 00882nam a2200241 a 4500 | ||
|---|---|---|---|
| 001 | 000024691 | ||
| 005 | 20260409192348.0 | ||
| 008 | 110202s1986 mx r 000 0 spa d | ||
| 020 | _z9688880866 | ||
| 040 |
_aDO-SdBNP _bspa _cBNPHU |
||
| 082 |
_a327 _bS391s |
||
| 100 | 1 |
_aSchulzinger, Robert D. _d1945- _950626 |
|
| 245 | 1 | 0 |
_aLos sabios de los asuntos exteriores : _bla historia del consejo de los asuntos exteriores / _cRobert D. Schulzinger ; traducción: José Ángel García Moreno. |
| 260 |
_aAnáhuac, México : _bEdiciones Prisma, _c1986. |
||
| 300 |
_a349 p. ; _c21 cm. |
||
| 500 | _aIncluye referencias bibliográficas (p. 315-349) | ||
| 650 | 4 |
_aPolítica internacional _92879 |
|
| 650 | 4 |
_aArbitramento internacional _936121 |
|
| 650 | 0 |
_aDiplomacia _9398 |
|
| 650 | 4 |
_aPoder político _93366 |
|
| 700 | 1 |
_aGarcía Moreno, José Ángel _etr. _950627 |
|
| 049 | _aBNGR | ||
| 999 |
_c24184 _d24184 |
||